| 000 | 00542nam a2200181Ia 4500 | ||
|---|---|---|---|
| 008 | 210719s1998 xx 000 0 und d | ||
| 041 | _aeng | ||
| 082 | _a820.33 REDH | ||
| 100 | _aREDDY (Kesava) | ||
| 245 | _aHe conquered the jungle Tr by C L L Jayaprada | ||
| 260 |
_aChennai _bMacmillan India Ltd. _c1998 |
||
| 300 |
_av---66 _bPB |
||
| 365 |
_b58 _cRs |
||
| 650 | _aIndian English Fiction | ||
| 650 | _aIndian English Literature | ||
| 700 | _aC L L Jayaprada | ||
| 906 | _aby ; C ; conquered ; He ; Jayaprada ; jungle ; L ; the ; Tr | ||
| 999 |
_c214917 _d214917 |
||